[Event "POL-chT IV GrB"]
[White "Szrejter, Lukasz"]
[Black "Sobiech, Krzysztof"]
[Site "Konin"]
[Round "9"]
[Result "0-1"]
[Date "2011.03.27"]
[WhiteElo "1891"]
[BlackElo "1841"]
[PlyCount "58"]
[EventDate "2011.01.23"]
[EventType "team-tourn"]
[EventRounds "9"]
[EventCountry "POL"]
[SourceTitle "EXT 2019"]
[Source "ChessBase"]
[SourceDate "2018.10.10"]
[SourceVersion "1"]
[SourceVersionDate "2018.10.10"]
[SourceQuality "1"]
[WhiteTeam "Nowe Skalmierzyce Pogon"]
[BlackTeam "Kalisz KTS"]
[WhiteTeamCountry "POL"]
[BlackTeamCountry "POL"]

1. d4 Nf6 2. c4 e6 3. Nc3 c5 4. d5 exd5 5. cxd5 d6 6. e4 g6 7. Bd3 Bg7 8. Nge2 a6 9. a4 Qe7 10. f3 b6 11. Bg5 Nbd7 12. f4 Bb7 13. Qd2 h6 14. Bh4 c4 15. Bc2 Nc5 16. Bxf6 Qxf6 17. 0-0 0-0 18. Rae1 Rab8 19. Rf3 Bc8 20. Re3 Re8 21. Ng3 Qd4 22. R1e2 Bg4 23. Rf2 Qxd2 24. Rxd2 b5 25. axb5 axb5 26. h3 Bd7 27. Bb1 Nb3 28. Rd1 Bd4 29. Rxd4 Nxd4 0-1

[Event "POL-chT IV GrB"]
[White "Sobiech, Krzysztof"]
[Black "Szadkowski, Krzysztof"]
[Site "Konin"]
[Round "5"]
[Result "0-1"]
[Date "2011.03.13"]
[WhiteElo "1841"]
[BlackElo "2128"]
[PlyCount "88"]
[EventDate "2011.01.23"]
[EventType "team-tourn"]
[EventRounds "9"]
[EventCountry "POL"]
[SourceTitle "EXT 2019"]
[Source "ChessBase"]
[SourceDate "2018.10.10"]
[SourceVersion "1"]
[SourceVersionDate "2018.10.10"]
[SourceQuality "1"]
[WhiteTeam "Kalisz KTS"]
[BlackTeam "Konin UKS Smecz"]
[WhiteTeamCountry "POL"]
[BlackTeamCountry "POL"]

1. e4 e5 2. Nf3 Nc6 3. Bc4 Nf6 4. 0-0 Be7 5. Re1 0-0 6. d4 d6 7. h3 Re8 8. c3 exd4 9. cxd4 d5 10. exd5 Nxd5 11. Nc3 Be6 12. Bb5 Nxc3 13. bxc3 Bd5 14. Ne5 Bxg2 15. Kxg2 Qd5+ 16. Qf3 Qxb5 17. Qxf7+ Kh8 18. Qe6 Nxe5 19. Rxe5 Qa4 20. Rh5 Qc2 21. Bf4 Bg5 22. Qg4 Qe4+ 23. Kg3 Bxf4+ 24. Qxf4 Qxf4+ 25. Kxf4 Re2 26. f3 Rf8+ 27. Rf5 Rxf5+ 28. Kxf5 Re3 29. Rb1 b6 30. f4 Rxc3 31. Re1 h6 32. Re8+ Kh7 33. Re7 b5 34. d5 b4 35. Re4 a5 36. Re2 Rxh3 37. Ke6 Rc3 38. Kf7 Rf3 39. Re4 g5 40. f5 Rxf5+ 41. Ke6 Kg6 42. Rc4 Rf6+ 43. Ke5 Rf7 44. Rc6+ Kg7 0-1

[Event "POL-chT IV GrB"]
[White "Rupental, Janusz"]
[Black "Sobiech, Krzysztof"]
[Site "Konin"]
[Round "3"]
[Result "1/2-1/2"]
[Date "2011.02.06"]
[WhiteElo "1962"]
[BlackElo "1841"]
[PlyCount "74"]
[EventDate "2011.01.23"]
[EventType "team-tourn"]
[EventRounds "9"]
[EventCountry "POL"]
[SourceTitle "EXT 2019"]
[Source "ChessBase"]
[SourceDate "2018.10.10"]
[SourceVersion "1"]
[SourceVersionDate "2018.10.10"]
[SourceQuality "1"]
[WhiteTeam "Konin Hetman II"]
[BlackTeam "Kalisz KTS"]
[WhiteTeamCountry "POL"]
[BlackTeamCountry "POL"]

1. e4 d5 2. d4 dxe4 3. Nc3 e5 4. dxe5 Qxd1+ 5. Nxd1 Nc6 6. Bb5 Bd7 7. Bxc6 Bxc6 8. Ne2 0-0-0 9. 0-0 Re8 10. Bf4 Bc5 11. c3 g5 12. Bxg5 Rxe5 13. Be3 Ne7 14. Nd4 Bd7 15. b4 Bb6 16. a4 Rg8 17. a5 Bxd4 18. Bxd4 Reg5 19. Ne3 Nf5 20. Bxa7 Nxe3 21. Bxe3 Rxg2+ 22. Kh1 R2g6 23. Rg1 Bg4 24. Rg3 h5 25. h3 Bf3+ 26. Kh2 Rxg3 27. fxg3 Rd8 28. Bd4 f5 29. Kg1 Rd6 30. Kf2 h4 31. b5 hxg3+ 32. Kxg3 Be2 33. Kf4 Rh6 34. Kxf5 Bxb5 35. Kxe4 Rxh3 36. Rg1 Rh7 37. Bf6 Kd7 1/2-1/2

[Event "POL-chT IV GrB"]
[White "Sobiech, Krzysztof"]
[Black "Mlynarczyk, Dariusz"]
[Site "Konin"]
[Round "4"]
[Result "0-1"]
[Date "2011.02.06"]
[WhiteElo "1841"]
[BlackElo "1996"]
[PlyCount "106"]
[EventDate "2011.01.23"]
[EventType "team-tourn"]
[EventRounds "9"]
[EventCountry "POL"]
[SourceTitle "EXT 2019"]
[Source "ChessBase"]
[SourceDate "2018.10.10"]
[SourceVersion "1"]
[SourceVersionDate "2018.10.10"]
[SourceQuality "1"]
[WhiteTeam "Kalisz KTS"]
[BlackTeam "Turek Tecza"]
[WhiteTeamCountry "POL"]
[BlackTeamCountry "POL"]

1. d4 g6 2. e4 d6 3. f4 Bg7 4. Nf3 Nf6 5. e5 Ng4 6. Nc3 dxe5 7. Nxe5 Nxe5 8. dxe5 Qxd1+ 9. Nxd1 Nc6 10. Bc4 Bf5 11. Ne3 Be4 12. 0-0 e6 13. Rd1 Rd8 14. Rxd8+ Kxd8 15. c3 Kc8 16. Ng4 h5 17. Nf2 Bf5 18. h4 Rd8 19. Be3 b6 20. Rd1 Rxd1+ 21. Nxd1 f6 22. exf6 Bxf6 23. Bf2 Kd7 24. Bb5 Kd6 25. Ne3 Be4 26. Nc4+ Ke7 27. Nd2 Bd5 28. Kf1 Nd8 29. Bd3 Kf7 30. c4 Bb7 31. b3 c5 32. Ne4 Bxe4 33. Bxe4 e5 34. Bg3 exf4 35. Bxf4 Ne6 36. Bb8 Bxh4 37. Bxa7 Bd8 38. Bb8 Kf6 39. Ke2 g5 40. Kd3 Bc7 41. Bxc7 Nxc7 42. Kc3 Ke5 43. Bb7 g4 44. a3 h4 45. b4 Kd6 46. b5 Ne6 47. a4 Nf4 48. Kd2 Ke5 49. Ke3 h3 50. gxh3 gxh3 51. Bf3 Ne6 52. Bh1 Nd4 53. Kf2 Nb3 0-1

[Event "POL-chT4B 0910"]
[White "Majdecki, Robert"]
[Black "Sobiech, Krzysztof"]
[Site "Wielkoposka"]
[Round "6"]
[Result "1-0"]
[Date "2010.03.07"]
[WhiteElo "1800"]
[BlackElo "1840"]
[PlyCount "120"]
[EventDate "2010.01.10"]
[EventType "team-tourn"]
[EventRounds "9"]
[EventCountry "POL"]
[SourceTitle "EXT 2019"]
[Source "ChessBase"]
[SourceDate "2018.10.10"]
[SourceVersion "1"]
[SourceVersionDate "2018.10.10"]
[SourceQuality "1"]
[WhiteTeam "Slesin M-GOK Gambit"]
[BlackTeam "Kalisz KTS"]
[WhiteTeamCountry "POL"]
[BlackTeamCountry "POL"]

1. d4 Nf6 2. Nf3 d5 3. c4 e6 4. e3 b6 5. a3 Bb7 6. b4 Be7 7. c5 0-0 8. Ne5 a5 9. Bb2 axb4 10. axb4 Rxa1 11. Bxa1 bxc5 12. bxc5 Nc6 13. Nxc6 Bxc6 14. Bd3 Nd7 15. f4 f6 16. Qh5 f5 17. g4 Nf6 18. Qh3 Nxg4 19. Rg1 Bh4+ 20. Ke2 g6 21. Nd2 Nf2 22. Qg2 Nxd3 23. Kxd3 Bb5+ 24. Kc2 Qa8 25. Bb2 Qa4+ 26. Kc3 Qa5+ 27. Kc2 Ba4+ 28. Kc1 Rb8 29. Nf3 Be7 30. Ne5 Be8 31. h4 Bxh4 32. Rh1 Qb4 33. Qh2 h6 34. Nd3 Qc4+ 35. Qc2 Qxc2+ 36. Kxc2 g5 37. fxg5 hxg5 38. Ne5 Bg3 39. Nf3 g4 40. Ne5 Bxe5 41. dxe5 Ba4+ 42. Kc1 Kg7 43. Bd4 Kg6 44. Kd2 Bb5 45. Ke1 Ra8 46. Kf2 Ra2+ 47. Kg3 c6 48. Ra1 Rd2 49. Ra8 Kg5 50. Rg8+ Kh5 51. Rh8+ Kg6 52. Rg8+ Kf7 53. Ra8 Bf1 54. Ra1 Rg2+ 55. Kh4 Bd3 56. Kg5 Be4 57. Ra7+ Ke8 58. Kf6 Rh2 59. Ra8+ Kd7 60. Ra7+ Kc8 1-0

[Event "POL-chT4B 0910"]
[White "Sobiech, Krzysztof"]
[Black "Matuszczak, Bartosz"]
[Site "Wielkoposka"]
[Round "1"]
[Result "0-1"]
[Date "2010.01.10"]
[WhiteElo "1840"]
[BlackElo "1800"]
[PlyCount "92"]
[EventDate "2010.01.10"]
[EventType "team-tourn"]
[EventRounds "9"]
[EventCountry "POL"]
[SourceTitle "EXT 2019"]
[Source "ChessBase"]
[SourceDate "2018.10.10"]
[SourceVersion "1"]
[SourceVersionDate "2018.10.10"]
[SourceQuality "1"]
[WhiteTeam "Kalisz KTS"]
[BlackTeam "Ostrow Wielkopolski II"]
[WhiteTeamCountry "POL"]
[BlackTeamCountry "POL"]

1. e4 g6 2. d4 c6 3. Nc3 d6 4. f4 Bg7 5. Nf3 Nf6 6. e5 Nd5 7. Bc4 Nxc3 8. bxc3 d5 9. Bd3 c5 10. Bb5+ Bd7 11. Qe2 c4 12. Bxd7+ Qxd7 13. e6 Qxe6 14. Qxe6 fxe6 15. Ng5 Kd7 16. Rb1 b6 17. 0-0 h6 18. Nf3 Bf6 19. Re1 Nc6 20. Re2 Rag8 21. Bd2 g5 22. fxg5 hxg5 23. g4 Rh7 24. Rbe1 Nd8 25. a4 Kc7 26. Rf1 Rhg7 27. Be1 Kd7 28. Bg3 Nc6 29. Rfe1 Nd8 30. a5 b5 31. a6 Kc6 32. Rb1 Kb6 33. Ree1 Kxa6 34. Bc7 Nc6 35. Rxe6 Kb7 36. Rxb5+ Kxc7 37. Rc5 Rd8 38. Rexc6+ Kb8 39. Nd2 Rh7 40. Rb5+ Ka8 41. Rc7 Rh4 42. Ra5 Rxg4+ 43. Kf2 Rd6 44. Rcxa7+ Kb8 45. Ra8+ Kb7 46. R5a7+ Kb6 0-1

[Event "Polanica Zdroj op-C 44th"]
[White "Duszenko, Michal"]
[Black "Sobiech, Krzysztof"]
[Site "Polanica Zdroj"]
[Round "6"]
[Result "0-1"]
[Date "2008.08.24"]
[WhiteElo "1781"]
[BlackElo "1869"]
[PlyCount "71"]
[EventDate "2008.08.19"]
[EventType "swiss"]
[EventRounds "9"]
[EventCountry "POL"]
[SourceTitle "CBM 126 Extra"]
[Source "ChessBase"]
[SourceDate "2008.11.05"]
[SourceVersion "1"]
[SourceVersionDate "2008.11.05"]
[SourceQuality "1"]

1. e4 d5 2. exd5 Qxd5 3. Nc3 Qa5 4. d4 Nf6 5. Nf3 Bf5 6. Be2 Nbd7 7. 0-0 c6 8. Bf4 Nh5 9. Bd2 Qc7 10. Ne5 Nhf6 11. Bf4 Nxe5 12. dxe5 Rd8 13. Qe1 Nd7 14. Bf3 e6 15. Rd1 Bxc2 16. Rd2 Bf5 17. Qe3 Nb6 18. Rxd8+ Qxd8 19. Rd1 Qc7 20. Ne4 Bxe4 21. Bxe4 h6 22. Qc3 Be7 23. Qa5 Nd5 24. Rxd5 b6 25. Qa4 exd5 26. Bxd5 b5 27. Qc2 0-0 28. Qc1 Bg5 29. Bxg5 Qxe5 30. Bxf7+ Rxf7 31. Be3 Qd5 32. a3 a5 33. Bc5 Rd7 34. g3 Qd1+ 35. Qxd1 Rxd1+ 36. Kg2 0-1

[Event "Polanica Zdroj op-C 44th"]
[White "Zebrowska, Anna"]
[Black "Sobiech, Krzysztof"]
[Site "Polanica Zdroj"]
[Round "1"]
[Result "0-1"]
[Date "2008.08.19"]
[WhiteElo "1589"]
[BlackElo "1869"]
[PlyCount "68"]
[EventDate "2008.08.19"]
[EventType "swiss"]
[EventRounds "9"]
[EventCountry "POL"]
[SourceTitle "CBM 126 Extra"]
[Source "ChessBase"]
[SourceDate "2008.11.05"]
[SourceVersion "1"]
[SourceVersionDate "2008.11.05"]
[SourceQuality "1"]

1. e4 d5 2. exd5 Qxd5 3. Nc3 Qa5 4. d4 Nf6 5. Nf3 Bf5 6. Bc4 Nbd7 7. Bd2 c6 8. 0-0 Qc7 9. h3 e6 10. Re1 Nb6 11. Bb3 h6 12. Qe2 Be7 13. Ne5 Bd6 14. Rad1 Bxe5 15. dxe5 Nfd7 16. Bf4 0-0-0 17. a4 g5 18. Bh2 Kb8 19. Ne4 Bxe4 20. Qxe4 Nc5 21. Qb4 Rxd1 22. Rxd1 Rd8 23. Rd6 Nxb3 24. Qxb3 Nc8 25. Rxd8 Qxd8 26. Qd3 Qxd3 27. cxd3 Kc7 28. f4 Nb6 29. a5 Na4 30. b4 Nb2 31. d4 Nd3 32. f5 Nxb4 33. Kf2 Nc2 34. f6 Nxd4 0-1

[Event "Kowalewo Pomorskie op-B"]
[White "Ostrowski, Dariusz"]
[Black "Sobiech, Krzysztof"]
[Site "Kowalewo Pomorskie"]
[Round "1.22"]
[Result "0-1"]
[Date "2008.07.04"]
[WhiteElo "1819"]
[BlackElo "1869"]
[PlyCount "72"]
[EventDate "2008.07.04"]
[EventType "swiss"]
[EventRounds "9"]
[EventCountry "POL"]
[SourceTitle "EXT 2023"]
[Source "ChessBase"]
[SourceDate "2022.10.05"]
[SourceVersion "1"]
[SourceVersionDate "2022.10.05"]
[SourceQuality "1"]

1. e4 d5 2. exd5 Qxd5 3. Nc3 Qa5 4. d4 Nf6 5. Nf3 Bf5 6. Bc4 Ne4 7. Bd2 Nxd2 8. Qxd2 Nc6 9. 0-0 e6 10. a3 Bg4 11. Ng5 Be7 12. Nge4 0-0-0 13. b4 Qh5 14. h3 Bf5 15. g4 Qg6 16. Ng3 Bxc2 17. d5 Ne5 18. Be2 Bd3 19. dxe6 Nf3+ 20. Bxf3 Bxf1 21. Qe3 Qxe6 22. Qxe6+ fxe6 23. Kxf1 Rd3 24. Bxb7+ Kxb7 25. Nge4 Rxh3 26. Kg2 Rd3 27. Rc1 a6 28. Kf1 Rf8 29. Ke2 Rdf3 30. Rc2 R3f4 31. g5 Rg4 32. b5 axb5 33. Nxb5 c6 34. Nbd6+ Bxd6 35. Nxd6+ Kc7 36. Nc4 Rxg5 0-1

[Event "Kowalewo Pomorskie op-B"]
[White "Sobiech, Krzysztof"]
[Black "Bartosik, Piotr1"]
[Site "Kowalewo Pomorskie"]
[Round "2.2"]
[Result "1/2-1/2"]
[Date "2008.07.04"]
[WhiteElo "1869"]
[BlackElo "1994"]
[PlyCount "67"]
[EventDate "2008.07.04"]
[EventType "swiss"]
[EventRounds "9"]
[EventCountry "POL"]
[SourceTitle "EXT 2023"]
[Source "ChessBase"]
[SourceDate "2022.10.05"]
[SourceVersion "1"]
[SourceVersionDate "2022.10.05"]
[SourceQuality "1"]

1. e4 c5 2. c4 Nc6 3. Nc3 g6 4. g3 Bg7 5. Bg2 d6 6. Nge2 Nf6 7. 0-0 0-0 8. d4 cxd4 9. Nxd4 Ng4 10. Nc2 Nge5 11. Ne3 Re8 12. f4 Nd7 13. a3 Nc5 14. Ncd5 e6 15. Nc3 a6 16. Bd2 Nd4 17. b4 Ncb3 18. Rb1 Nxd2 19. Qxd2 Rb8 20. Ne2 Qb6 21. Kh1 Nxe2 22. Qxe2 Bd7 23. Rfd1 Ba4 24. Rf1 f5 25. Nd1 Qd4 26. Nb2 Bb3 27. Rf3 Ba2 28. Rd3 Bxc4 29. Rxd4 Bxe2 30. Rxd6 Rbd8 31. e5 Rxd6 32. exd6 Rd8 33. Bxb7 Rxd6 34. Na4 1/2-1/2

[Event "POL-ch U18"]
[White "Jacel, Lukasz"]
[Black "Sobiech, Krzysztof"]
[Site "Leba"]
[Round "9"]
[Result "0-1"]
[Date "2008.04.04"]
[WhiteElo "1991"]
[BlackElo "1785"]
[PlyCount "80"]
[EventDate "2008.03.29"]
[EventType "swiss"]
[EventRounds "11"]
[EventCountry "POL"]
[SourceTitle "CBM 123 Extra"]
[Source "ChessBase"]
[SourceDate "2008.05.06"]
[SourceVersion "1"]
[SourceVersionDate "2008.05.06"]
[SourceQuality "1"]

1. e4 d5 2. exd5 Qxd5 3. Nc3 Qa5 4. d4 Nf6 5. Bc4 Bf5 6. Nge2 c6 7. 0-0 e6 8. Ng3 Bg6 9. Qe2 Nbd7 10. a3 Bd6 11. f4 0-0-0 12. Nce4 Nxe4 13. Nxe4 Be7 14. Ng3 Bh4 15. b4 Qc7 16. Be3 Nb6 17. Bb3 Nd5 18. c4 Nxe3 19. Qxe3 Bf6 20. Rad1 Qb6 21. c5 Qc7 22. h3 Rhe8 23. Rfe1 Bh4 24. Rd2 Rd7 25. Bc2 Bxc2 26. Rxc2 Qd8 27. Ree2 Bxg3 28. Qxg3 g6 29. Qc3 Rxd4 30. Rcd2 Rd5 31. Rxd5 exd5 32. Rxe8 Qxe8 33. Qf6 Qe6 34. Qh8+ Kc7 35. Kf2 h5 36. Qf8 d4 37. Qg7 Qd5 38. Ke2 Qxg2+ 39. Kd3 Qf1+ 40. Kc2 Qxf4 0-1

[Event "POL-ch U18"]
[White "Sobiech, Krzysztof"]
[Black "Kowalski, Lukasz"]
[Site "Leba"]
[Round "8"]
[Result "0-1"]
[Date "2008.04.03"]
[WhiteElo "1785"]
[BlackElo "2104"]
[PlyCount "74"]
[EventDate "2008.03.29"]
[EventType "swiss"]
[EventRounds "11"]
[EventCountry "POL"]
[SourceTitle "CBM 123 Extra"]
[Source "ChessBase"]
[SourceDate "2008.05.06"]
[SourceVersion "1"]
[SourceVersionDate "2008.05.06"]
[SourceQuality "1"]

1. e4 c5 2. Nf3 Nc6 3. d4 cxd4 4. Nxd4 e5 5. Nb5 d6 6. N1c3 a6 7. Na3 b5 8. Nd5 Nf6 9. Bg5 Be7 10. Bxf6 Bxf6 11. c3 0-0 12. Be2 Bg5 13. Bg4 Bb7 14. 0-0 Ne7 15. Nxe7+ Qxe7 16. Qe2 g6 17. Qd3 Rad8 18. c4 bxc4 19. Qxc4 Kh8 20. g3 f5 21. exf5 gxf5 22. Bh3 f4 23. Qe6 Qg7 24. Qg4 Rf6 25. Bg2 f3 26. Bh1 e4 27. h4 Bh6 28. Qxg7+ Bxg7 29. Rac1 Rf7 30. Rc2 d5 31. Rd1 Rfd7 32. Nb1 d4 33. Nd2 Bh6 34. Kf1 Bxd2 35. Rcxd2 a5 36. Ke1 Ba6 37. Rc2 d3 0-1

[Event "POL-ch U18"]
[White "Sobiech, Krzysztof"]
[Black "Baturo, Tomasz"]
[Site "Leba"]
[Round "1"]
[Result "1/2-1/2"]
[Date "2008.03.29"]
[WhiteElo "1785"]
[BlackElo "2112"]
[PlyCount "87"]
[EventDate "2008.03.29"]
[EventType "swiss"]
[EventRounds "11"]
[EventCountry "POL"]
[SourceTitle "CBM 123 Extra"]
[Source "ChessBase"]
[SourceDate "2008.05.06"]
[SourceVersion "1"]
[SourceVersionDate "2008.05.06"]
[SourceQuality "1"]

1. e4 d5 2. exd5 Nf6 3. d4 Nxd5 4. c4 Nb6 5. Nc3 g6 6. Nf3 Bg7 7. Be3 0-0 8. h3 Nc6 9. Be2 e5 10. dxe5 Nxe5 11. Nxe5 Bxe5 12. Qxd8 Rxd8 13. Rc1 Be6 14. b3 Nc8 15. Ne4 Nd6 16. Nc5 Bf5 17. 0-0 Be4 18. Nxe4 Nxe4 19. Bf3 Nd2 20. Bxd2 Rxd2 21. a4 c6 22. Rfd1 Rad8 23. Kf1 R8d3 24. Rxd2 Rxd2 25. Rd1 Rb2 26. Rd3 Kf8 27. Ke1 Ke7 28. Bg4 f5 29. Bf3 Bc7 30. Kf1 Bb6 31. Be2 Ke6 32. f4 Rb1+ 33. Bd1 Bc7 34. g3 Rb2 35. Be2 Bb6 36. h4 Ke7 37. Ke1 Rb1+ 38. Bd1 Ba5+ 39. Kf1 Bb6 40. Ke1 Rb2 41. Be2 Rb1+ 42. Bd1 Rb2 43. Be2 Rb1+ 44. Bd1 1/2-1/2